|
|
|
|
| LEADER |
00000cam a2200000 a 4500 |
| 001 |
vtls009764515 |
| 003 |
SK-MaSNL |
| 005 |
20260301171522.0 |
| 008 |
250313s1979 xr a f 000 0 cze |
| 035 |
|
|
|a (SVKBBclas03)vtls000139279
|
| 035 |
|
|
|a urn:nbn:sk:snk-amkytj
|
| 035 |
|
|
|a urn:nbn:sk:snk-am008ppa
|
| 035 |
|
|
|a B4E0B860-ADE3-49C2-81D1-0ACBE91CED21
|
| 040 |
|
|
|a SNK
|b slo
|c SNK
|e AACR2
|
| 041 |
0 |
|
|a cze
|
| 044 |
|
|
|a xr
|c CZ
|
| 080 |
|
|
|a 621.9.04:621.833(082)
|2 1981
|
| 111 |
2 |
|
|a Využití progresívních nástrojů a metod při výrobě ozubení
|d (1979 :
|c Praha, Česko)
|9 539310
|
| 245 |
1 |
0 |
|a Využití progresívních nástrojů a metod při výrobě ozubení
|b sborník přednášek semináře, Praha 7.-8.11.1979
|c kolektív autorů
|
| 260 |
|
|
|a Praha
|b Československá vědecko-technická společnosť
|c 1979
|
| 300 |
|
|
|a [123] s.
|b tab.
|c 4°
|
| 650 |
0 |
7 |
|a ozubené kolesá
|2 SNKPH
|9 50961
|
| 655 |
|
7 |
|a zborníky konferencií
|2 SNKPH
|9 70153
|
| 852 |
|
|
|a Slovenská národná knižnica
|
| 958 |
|
|
|a OND
|
| 999 |
|
|
|c 831049
|d 832979
|
| 952 |
|
|
|a SNK
|b SNK
|y PREZ
|7 0
|p 17A0972750
|o snkSB 29060
|i snkKIP 475/80
|0 0
|1 0
|4 0
|d 2014-09-22
|f 1
|l 0
|r 2025-04-03 00:00:00
|w 2026-02-24
|
| 952 |
|
|
|a SNK
|b SNK
|y PREZ
|7 0
|o snkSB 29060 D1
|i snkKIP 476/80
|0 0
|1 0
|4 0
|d 2014-09-22
|l 0
|r 2026-02-24 03:37:37
|w 2026-02-24
|